Essai de métaphysique eschatologique
Enregistré dans:
| Auteur principal: | |
|---|---|
| Format: | Livre |
| Langue: | français |
| Publié: |
París
Aubier
1946
|
| Collection: | Collection Philosophie de l'Espirt
|
| Sujets: | |
| Tags: |
Ajouter un tag
Pas de tags, Soyez le premier à ajouter un tag!
|
MARC
| LEADER | 00000nam a2200000 a 4500 | ||
|---|---|---|---|
| 001 | UCZ3605 | ||
| 003 | CL-VaPUC | ||
| 008 | 951027e19460000FR |||||||||||||||||fre|d | ||
| 082 | 0 | 4 | |a 110 |b BER |2 21 |
| 100 | |a Berdiaeff, Nicolás |e author |9 579056 | ||
| 245 | 1 | 0 | |a Essai de métaphysique eschatologique |
| 246 | 1 | 0 | |a Acte créateur et objetivation |
| 300 | |a 284 p | ||
| 942 | |c BK | ||
| 945 | |d 19951027 00:00:00 |a rleighto | ||
| 260 | |a París |b Aubier |c 1946 | ||
| 650 | 0 | |a Metafísica |9 265649 | |
| 650 | 0 | |a Universo |9 266563 | |
| 650 | 0 | |a Filosofía |9 223554 | |
| 650 | 0 | |a Escatología |9 314395 | |
| 583 | |a last modification |c 19951027 00:00:00 |k Rodrigo Vera | ||
| 490 | 0 | |a Collection Philosophie de l'Espirt | |
| 999 | |c 240063 |d 240061 | ||
| 952 | |0 0 |1 2 |4 0 |6 110_000000000000000_BER_1946 |7 0 |8 A |9 251658 |a BIBTEO |b BIBTEO |d 2019-11-18 |i 3124312 |o 110 BER 1946 |p 3124312 |r 2019-11-18 |w 2019-11-18 |x Descarte 2019 |y BK |k ICR | ||